000 004780000a22001810004500
020 _a84-321-0324-1
041 0 _aSPA
082 0 4 _aG 271.093 M3869c
245 1 0 _aCristianos corrientes : Textos sobre el Opus Dei / Francisco Martineli, Compilador
250 _a5
260 _aMadrid, España : Rialp
300 _a202 Pag
001 8463
942 _cBK
999 _c38610
_d38610
336 _atexto
_btxt
_2rdacontent
337 _2rdamedia
_asin mediación
_bn
338 _2rdacarrier
_avolumen
_bnc